MATHEMATICS CAN BE FUN (Record no. 372852)

MARC details
000 -LEADER
fixed length control field 00361nam a2200145Ia 4500
008 - FIXED-LENGTH DATA ELEMENTS--GENERAL INFORMATION
fixed length control field 100122s9999 xx 000 0 und d
082 ## - DEWEY DECIMAL CLASSIFICATION NUMBER
Item number 42647
Classification number 511
100 ## - MAIN ENTRY--PERSONAL NAME
Personal name PERELMAN YA
245 ## - TITLE STATEMENT
Title MATHEMATICS CAN BE FUN
260 ## - PUBLICATION, DISTRIBUTION, ETC. (IMPRINT)
Name of publisher, distributor, etc MIV PUBLICATION
Date of publication, distribution, etc 1985
300 ## - PHYSICAL DESCRIPTION
Extent 400
630 ## - SUBJECT ADDED ENTRY--UNIFORM TITLE
Uniform title MATHEMATICS CAN BE FUN
730 ## - ADDED ENTRY--UNIFORM TITLE
Uniform title MATHEMATICS CAN BE FUN
942 ## - ADDED ENTRY ELEMENTS (KOHA)
Koha item type Book
Holdings
Withdrawn status Lost status Damaged status Not for loan Home library Current library Date acquired Cost, normal purchase price Total Checkouts Full call number Barcode Date last seen Cost, replacement price Price effective from Koha item type Public note
  Missing from bundle     S.V. Pathak Library, Vile Parle S.V. Pathak Library, Vile Parle 03/01/1989 24.00   42647 SVPPARLE-42647 01/25/2010 24.00 01/25/2010 Book "4)किंमत वसुल, , General, Lost"